Možné ciele a limity zamerania poznatkov v poznatkovej ekonomike

Pojem poznatková ekonomika a jej poslanie. Ekonomický rast a ekologický faktor. Ciele a limity poznatkovej ekonomiky v globalizovanej ekonomike. Poznatková ekonomika by mala mať za úlohu zladiť potreby ľudskej spoločnosti s možnosťami, ktoré poskytuje príroda. Celá ekonomika by mala byť založená na...

Full description

Saved in:
Bibliographic Details
Main Author: Knapik, Peter
Format: Book Chapter
Language:Slovak
Subjects:
Tags: Add Tag
No Tags, Be the first to tag this record!

MARC

LEADER 00000naa$a2200000$$$4500
001 0060168
005 20240502071650.5
041 0 |a slo 
044 |a SK 
245 1 0 |a Možné ciele a limity zamerania poznatkov v poznatkovej ekonomike  |c Peter Knapík 
520 |a Pojem poznatková ekonomika a jej poslanie. Ekonomický rast a ekologický faktor. Ciele a limity poznatkovej ekonomiky v globalizovanej ekonomike. Poznatková ekonomika by mala mať za úlohu zladiť potreby ľudskej spoločnosti s možnosťami, ktoré poskytuje príroda. Celá ekonomika by mala byť založená na poznatkoch v záujme komplexného rozvoja ľudskej spoločnosti. Rozvoj poznatkovej ekonomiky nezávisí len od finančných zdrojov, ale skôr od vysokej motivácie meniť informácie na poznatky. Súčasnosť vyžaduje humanizáciu technického vzdelávania a technizáciu humanitného vzdelávania. Nejde len o interdisciplinárny prístup k poznaniu ale aj o transdisciplinárne odhaľovanie obecných súvislostí človeka a sveta. 
610 2 0 |a vedomosti 
610 2 0 |a ekonomika vedomostná 
610 2 0 |a produkt domáci hrubý 
610 2 0 |a inovácia 
610 2 0 |a rozvoj trvalo udržateľný 
610 2 0 |a zdroje ľudské 
610 2 0 |a kvalita 
610 2 0 |a rast hospodársky 
610 2 0 |a výskum 
610 2 0 |a vzdelávanie 
100 1 |a Knapik, Peter